000 00452nam a2200133Ia 4500
008 180921t xxu||||| ||||o00| 0 eng d
041 _aeng
080 _aVol.2 1880-1894
245 _aordinances Nos. : No.4 of 1893. An ordinance To Ensure The Supervision And Safe Transit of Goods,Produce,And Merchandise From one Part of This Island To Another.
300 _ap.987-988, 23 cm
942 _cBK
999 _c51178
_d51178
003 LK-CoDNM
040 _aLK-CoDNM
_dLK-CoDNM
_eLK-CoDNM